[Event "ABC-4 2025 Groep A"]
[Site "Utrecht"]
[Date "2025.03.15"]
[Round "4.6"]
[White "Gupta, Akul"]
[Black "Hage, Ruben"]
[Result "1-0"]
[WhiteFideId "8925180"]
[BlackFideId "8606444"]
[WhiteElo "1930"]
[BlackElo "1779"]

1. e4 {[%clk 00:55:12]} {[%emt 00:00:07]} e5 {[%clk 00:55:16]} {[%emt
00:00:03]} 2. Nf3 {[%clk 00:55:17]} {[%emt 00:00:06]} Nc6 {[%clk 00:55:22]}
{[%emt 00:00:04]} 3. Bc4 {[%clk 00:55:07]} {[%emt 00:00:20]} Bc5 {[%clk
00:55:27]} {[%emt 00:00:06]} 4. O-O {[%clk 00:55:09]} {[%emt 00:00:07]} Nf6
{[%clk 00:55:28]} {[%emt 00:00:09]} 5. d4 {[%clk 00:54:44]} {[%emt 00:00:36]}
Bxd4 {[%clk 00:54:43]} {[%emt 00:00:55]} 6. Nxd4 {[%clk 00:54:46]} {[%emt
00:00:08]} exd4 {[%clk 00:54:32]} {[%emt 00:00:21]} 7. e5 {[%clk 00:54:28]}
{[%emt 00:00:27]} d5 {[%clk 00:54:27]} {[%emt 00:00:15]} 8. exf6 {[%clk
00:54:06]} {[%emt 00:00:33]} dxc4 {[%clk 00:54:30]} {[%emt 00:00:07]} 9. fxg7
{[%clk 00:53:15]} {[%emt 00:01:01]} Rg8 {[%clk 00:54:34]} {[%emt 00:00:05]} 10.
Re1+ {[%clk 00:52:40]} {[%emt 00:00:45]} Be6 {[%clk 00:54:36]} {[%emt
00:00:08]} 11. f4 {[%clk 00:51:29]} {[%emt 00:01:21]} Qf6 {[%clk 00:53:45]}
{[%emt 00:01:01]} 12. Qh5 {[%clk 00:49:55]} {[%emt 00:01:44]} O-O-O {[%clk
00:53:22]} {[%emt 00:00:34]} 13. Qxh7 {[%clk 00:45:29]} {[%emt 00:04:35]} Rxg7
{[%clk 00:53:11]} {[%emt 00:00:21]} 14. Qh5 {[%clk 00:45:34]} {[%emt 00:00:06]}
Rdg8 {[%clk 00:51:59]} {[%emt 00:01:22]} 15. g3 {[%clk 00:45:02]} {[%emt
00:00:42]} d3 {[%clk 00:51:14]} {[%emt 00:00:55]} 16. cxd3 {[%clk 00:42:20]}
{[%emt 00:02:52]} cxd3 {[%clk 00:51:16]} {[%emt 00:00:07]} 17. Nc3 {[%clk
00:41:49]} {[%emt 00:00:39]} Nb4 {[%clk 00:49:54]} {[%emt 00:01:34]} 18. Re4
{[%clk 00:35:44]} {[%emt 00:06:14]} Nc2 {[%clk 00:48:21]} {[%emt 00:01:44]} 19.
Rb1 {[%clk 00:34:35]} {[%emt 00:01:19]} Bf5 {[%clk 00:47:18]} {[%emt 00:01:13]}
20. Nd5 {[%clk 00:33:55]} {[%emt 00:00:50]} Qa6 {[%clk 00:44:35]} {[%emt
00:02:53]} 21. Qxf5+ {[%clk 00:33:26]} {[%emt 00:00:39]} Kb8 {[%clk 00:44:27]}
{[%emt 00:00:17]} 22. Qd7 {[%clk 00:31:24]} {[%emt 00:02:12]} Qc6 {[%clk
00:43:10]} {[%emt 00:01:28]} 23. Qxc6 {[%clk 00:31:09]} {[%emt 00:00:25]} bxc6
{[%clk 00:43:17]} {[%emt 00:00:02]} 24. Ne7 {[%clk 00:31:12]} {[%emt 00:00:07]}
Rf8 {[%clk 00:42:25]} {[%emt 00:01:02]} 25. Nxc6+ {[%clk 00:30:20]} {[%emt
00:01:03]} Kb7 {[%clk 00:42:31]} {[%emt 00:00:04]} 26. Ne5 {[%clk 00:30:19]}
{[%emt 00:00:11]} Rd8 {[%clk 00:42:18]} {[%emt 00:00:22]} 27. Bd2 {[%clk
00:29:54]} {[%emt 00:00:35]} Re8 {[%clk 00:41:42]} {[%emt 00:00:46]} 28. Nxd3
{[%clk 00:29:56]} {[%emt 00:00:09]} Rd8 {[%clk 00:41:30]} {[%emt 00:00:22]} 29.
Bc3 {[%clk 00:29:51]} {[%emt 00:00:15]} 1-0

[Event "ABC-4 2025 Groep A"]
[Site "Utrecht"]
[Date "2025.03.15"]
[Round "4.7"]
[White "Ramdien, Steven"]
[Black "Elferink, Leon"]
[Result "1/2-1/2"]
[WhiteFideId "8722626"]
[BlackFideId "8708084"]
[WhiteElo "1876"]
[BlackElo "1926"]

1. e4 {[%clk 00:55:13]} {[%emt 00:00:07]} e5 {[%clk 00:55:16]} {[%emt
00:00:05]} 2. Nf3 {[%clk 00:55:18]} {[%emt 00:00:04]} Nc6 {[%clk 00:55:22]}
{[%emt 00:00:04]} 3. Bc4 {[%clk 00:55:01]} {[%emt 00:00:27]} Bc5 {[%clk
00:55:17]} {[%emt 00:00:16]} 4. c3 {[%clk 00:54:41]} {[%emt 00:00:19]} Nf6
{[%clk 00:55:04]} {[%emt 00:00:33]} 5. d3 {[%clk 00:54:35]} {[%emt 00:00:15]}
d6 {[%clk 00:54:33]} {[%emt 00:00:42]} 6. b4 {[%clk 00:54:38]} {[%emt
00:00:07]} Bb6 {[%clk 00:54:36]} {[%emt 00:00:07]} 7. Nbd2 {[%clk 00:54:39]}
{[%emt 00:00:10]} O-O {[%clk 00:51:25]} {[%emt 00:03:21]} 8. O-O {[%clk
00:54:27]} {[%emt 00:00:21]} Be6 {[%clk 00:48:52]} {[%emt 00:02:44]} 9. Re1
{[%clk 00:50:58]} {[%emt 00:03:38]} a6 {[%clk 00:46:01]} {[%emt 00:03:02]} 10.
Nf1 {[%clk 00:50:16]} {[%emt 00:00:50]} Bxc4 {[%clk 00:44:55]} {[%emt
00:01:18]} 11. dxc4 {[%clk 00:50:24]} {[%emt 00:00:01]} Ne7 {[%clk 00:38:36]}
{[%emt 00:06:29]} 12. Ng3 {[%clk 00:48:42]} {[%emt 00:01:51]} Qd7 {[%clk
00:36:51]} {[%emt 00:01:57]} 13. Nh4 {[%clk 00:39:33]} {[%emt 00:09:17]} Qg4
{[%clk 00:33:43]} {[%emt 00:03:19]} 14. Nf3 {[%clk 00:37:58]} {[%emt 00:01:44]}
Ng6 {[%clk 00:30:05]} {[%emt 00:03:50]} 15. Be3 {[%clk 00:33:37]} {[%emt
00:04:29]} Bxe3 {[%clk 00:29:40]} {[%emt 00:00:36]} 16. Rxe3 {[%clk 00:33:23]}
{[%emt 00:00:23]} Qe6 {[%clk 00:24:14]} {[%emt 00:05:37]} 17. Nd2 {[%clk
00:32:03]} {[%emt 00:01:28]} Nf4 {[%clk 00:20:52]} {[%emt 00:03:34]} 18. h3
{[%clk 00:19:41]} {[%emt 00:12:33]} a5 {[%clk 00:18:42]} {[%emt 00:02:21]} 19.
Ne2 {[%clk 00:18:53]} {[%emt 00:00:56]} N6h5 {[%clk 00:14:00]} {[%emt
00:04:52]} 20. Nxf4 {[%clk 00:15:12]} {[%emt 00:03:50]} Nxf4 {[%clk 00:14:05]}
{[%emt 00:00:07]} 21. a3 {[%clk 00:11:29]} {[%emt 00:03:53]} f5 {[%clk
00:13:23]} {[%emt 00:00:51]} 22. exf5 {[%clk 00:11:11]} {[%emt 00:00:29]} Qxf5
{[%clk 00:13:12]} {[%emt 00:00:20]} 23. Ne4 {[%clk 00:10:36]} {[%emt 00:00:45]}
Qg6 {[%clk 00:11:40]} {[%emt 00:01:42]} 24. Ng3 {[%clk 00:10:00]} {[%emt
00:00:46]} h5 {[%clk 00:10:50]} {[%emt 00:01:00]} 25. h4 {[%clk 00:09:55]}
{[%emt 00:00:16]} Qg4 {[%clk 00:09:36]} {[%emt 00:01:23]} 26. Qxg4 {[%clk
00:09:37]} {[%emt 00:00:28]} hxg4 {[%clk 00:09:43]} {[%emt 00:00:03]} 27. Ne4
{[%clk 00:08:59]} {[%emt 00:00:49]} Ne6 {[%clk 00:08:50]} {[%emt 00:01:03]} 28.
b5 {[%clk 00:07:24]} {[%emt 00:01:44]} b6 {[%clk 00:08:32]} {[%emt 00:00:29]}
29. a4 {[%clk 00:07:19]} {[%emt 00:00:14]} 1/2-1/2

[Event "ABC-4 2025 Groep A"]
[Site "Utrecht"]
[Date "2025.03.15"]
[Round "4.8"]
[White "Nalivaieva, Alisa"]
[Black "Feng, Elysia"]
[Result "1-0"]
[WhiteFideId "9073482"]
[BlackFideId "8607302"]
[WhiteElo "1797"]
[BlackElo "1918"]

1. d4 {[%clk 00:55:18]} {[%emt 00:00:02]} d5 {[%clk 00:55:14]} {[%emt
00:00:06]} 2. Nf3 {[%clk 00:55:25]} {[%emt 00:00:03]} e6 {[%clk 00:55:18]}
{[%emt 00:00:05]} 3. c4 {[%clk 00:55:29]} {[%emt 00:00:07]} c5 {[%clk
00:55:23]} {[%emt 00:00:05]} 4. Bg5 {[%clk 00:55:08]} {[%emt 00:00:30]} Nf6
{[%clk 00:55:23]} {[%emt 00:00:11]} 5. e3 {[%clk 00:54:58]} {[%emt 00:00:20]}
Nc6 {[%clk 00:55:05]} {[%emt 00:00:28]} 6. Nc3 {[%clk 00:54:49]} {[%emt
00:00:19]} cxd4 {[%clk 00:53:54]} {[%emt 00:01:20]} 7. Nxd4 {[%clk 00:54:43]}
{[%emt 00:00:17]} Be7 {[%clk 00:52:37]} {[%emt 00:01:26]} 8. cxd5 {[%clk
00:53:39]} {[%emt 00:01:14]} exd5 {[%clk 00:51:12]} {[%emt 00:01:35]} 9. Bb5
{[%clk 00:53:24]} {[%emt 00:00:25]} Qd6 {[%clk 00:46:07]} {[%emt 00:05:15]} 10.
Bf4 {[%clk 00:49:15]} {[%emt 00:04:18]} Qc5 {[%clk 00:43:30]} {[%emt 00:02:47]}
11. Nb3 {[%clk 00:48:10]} {[%emt 00:01:15]} Qb6 {[%clk 00:42:05]} {[%emt
00:01:36]} 12. Nxd5 {[%clk 00:46:22]} {[%emt 00:01:58]} Nxd5 {[%clk 00:42:01]}
{[%emt 00:00:14]} 13. Qxd5 {[%clk 00:46:21]} {[%emt 00:00:11]} Be6 {[%clk
00:41:51]} {[%emt 00:00:20]} 14. Bxc6+ {[%clk 00:44:36]} {[%emt 00:01:55]} bxc6
{[%clk 00:41:53]} {[%emt 00:00:08]} 15. Qd3 {[%clk 00:43:44]} {[%emt 00:01:00]}
Bb4+ {[%clk 00:41:32]} {[%emt 00:00:32]} 16. Kf1 {[%clk 00:42:18]} {[%emt
00:01:36]} O-O {[%clk 00:40:41]} {[%emt 00:00:59]} 17. Kg1 {[%clk 00:41:24]}
{[%emt 00:01:06]} Rfd8 {[%clk 00:39:24]} {[%emt 00:01:28]} 18. Qc2 {[%clk
00:40:41]} {[%emt 00:00:53]} a5 {[%clk 00:24:11]} {[%emt 00:15:23]} 19. a3
{[%clk 00:33:30]} {[%emt 00:07:20]} Be7 {[%clk 00:23:39]} {[%emt 00:00:42]} 20.
Nd4 {[%clk 00:33:14]} {[%emt 00:00:27]} Bd5 {[%clk 00:22:41]} {[%emt 00:01:08]}
21. h3 {[%clk 00:31:09]} {[%emt 00:02:14]} Bf6 {[%clk 00:21:51]} {[%emt
00:01:00]} 22. Kh2 {[%clk 00:26:01]} {[%emt 00:05:19]} c5 {[%clk 00:20:32]}
{[%emt 00:01:29]} 23. Nf5 {[%clk 00:24:08]} {[%emt 00:02:00]} Qxb2 {[%clk
00:15:03]} {[%emt 00:05:42]} 24. Qxb2 {[%clk 00:23:13]} {[%emt 00:01:05]} Bxb2
{[%clk 00:15:11]} {[%emt 00:00:02]} 25. Rad1 {[%clk 00:22:03]} {[%emt
00:01:19]} Be6 {[%clk 00:12:50]} {[%emt 00:02:32]} 26. Ne7+ {[%clk 00:20:16]}
{[%emt 00:01:56]} Kf8 {[%clk 00:11:38]} {[%emt 00:01:23]} 27. Rxd8+ {[%clk
00:16:47]} {[%emt 00:03:40]} Rxd8 {[%clk 00:11:42]} {[%emt 00:00:05]} 28. Nc6
{[%clk 00:16:46]} {[%emt 00:00:12]} Rd3 {[%clk 00:11:42]} {[%emt 00:00:09]} 29.
Rb1 {[%clk 00:16:16]} {[%emt 00:00:40]} Rb3 {[%clk 00:10:06]} {[%emt 00:01:46]}
30. Nxa5 {[%clk 00:14:40]} {[%emt 00:01:46]} Rxa3 {[%clk 00:05:41]} {[%emt
00:04:35]} 31. Rxb2 {[%clk 00:13:17]} {[%emt 00:01:33]} Rxa5 {[%clk 00:05:09]}
{[%emt 00:00:39]} 32. Be5 {[%clk 00:12:38]} {[%emt 00:00:51]} f6 {[%clk
00:05:11]} {[%emt 00:00:09]} 33. Bc3 {[%clk 00:11:29]} {[%emt 00:01:19]} Ra3
{[%clk 00:04:57]} {[%emt 00:00:24]} 34. Bd2 {[%clk 00:11:23]} {[%emt 00:00:13]}
c4 {[%clk 00:05:02]} {[%emt 00:00:08]} 35. Bb4+ {[%clk 00:11:25]} {[%emt
00:00:08]} 1-0

[Event "ABC-4 2025 Groep A"]
[Site "Utrecht"]
[Date "2025.03.15"]
[Round "4.9"]
[White "Mastop, Guido"]
[Black "Waersegers, Brent"]
[Result "1-0"]
[WhiteFideId "8879915"]
[BlackFideId "8613803"]
[WhiteElo "1778"]
[BlackElo "1847"]

1. f4 {[%clk 00:55:18]} {[%emt 00:00:02]} Nf6 {[%clk 00:54:15]} {[%emt
00:01:06]} 2. Nf3 {[%clk 00:55:21]} {[%emt 00:00:06]} d5 {[%clk 00:53:58]}
{[%emt 00:00:28]} 3. b3 {[%clk 00:55:20]} {[%emt 00:00:11]} c5 {[%clk
00:53:35]} {[%emt 00:00:32]} 4. Bb2 {[%clk 00:55:09]} {[%emt 00:00:21]} h6
{[%clk 00:52:46]} {[%emt 00:00:58]} 5. e3 {[%clk 00:54:40]} {[%emt 00:00:39]}
a6 {[%clk 00:52:25]} {[%emt 00:00:32]} 6. h3 {[%clk 00:53:02]} {[%emt
00:01:47]} Nc6 {[%clk 00:52:07]} {[%emt 00:00:28]} 7. g4 {[%clk 00:52:21]}
{[%emt 00:00:51]} h5 {[%clk 00:48:31]} {[%emt 00:03:46]} 8. g5 {[%clk
00:51:38]} {[%emt 00:00:54]} Ne4 {[%clk 00:48:28]} {[%emt 00:00:12]} 9. Nh4
{[%clk 00:46:49]} {[%emt 00:04:59]} Ng3 {[%clk 00:46:24]} {[%emt 00:02:14]} 10.
Rh2 {[%clk 00:46:29]} {[%emt 00:00:30]} Nxf1 {[%clk 00:46:25]} {[%emt
00:00:09]} 11. Kxf1 {[%clk 00:46:37]} {[%emt 00:00:02]} d4 {[%clk 00:45:06]}
{[%emt 00:01:28]} 12. Qf3 {[%clk 00:43:28]} {[%emt 00:03:21]} Qc7 {[%clk
00:42:53]} {[%emt 00:02:23]} 13. c3 {[%clk 00:40:10]} {[%emt 00:03:28]} dxe3
{[%clk 00:42:02]} {[%emt 00:01:00]} 14. dxe3 {[%clk 00:39:29]} {[%emt
00:00:52]} b6 {[%clk 00:41:13]} {[%emt 00:00:59]} 15. Na3 {[%clk 00:36:30]}
{[%emt 00:03:10]} Bb7 {[%clk 00:40:17]} {[%emt 00:01:06]} 16. Rd2 {[%clk
00:35:18]} {[%emt 00:01:21]} Ne5 {[%clk 00:35:11]} {[%emt 00:05:16]} 17. Qg3
{[%clk 00:33:43]} {[%emt 00:01:46]} Nd7 {[%clk 00:35:03]} {[%emt 00:00:18]} 18.
Rad1 {[%clk 00:32:49]} {[%emt 00:01:03]} O-O-O {[%clk 00:34:35]} {[%emt
00:00:38]} 19. c4 {[%clk 00:32:08]} {[%emt 00:00:52]} Rg8 {[%clk 00:34:20]}
{[%emt 00:00:24]} 20. Be5 {[%clk 00:30:47]} {[%emt 00:01:32]} Qc6 {[%clk
00:33:49]} {[%emt 00:00:40]} 21. Qg2 {[%clk 00:30:11]} {[%emt 00:00:46]} Qxg2+
{[%clk 00:32:20]} {[%emt 00:01:39]} 22. Nxg2 {[%clk 00:30:13]} {[%emt
00:00:07]} e6 {[%clk 00:32:02]} {[%emt 00:00:28]} 23. Ne1 {[%clk 00:28:21]}
{[%emt 00:02:03]} Be7 {[%clk 00:28:53]} {[%emt 00:03:20]} 24. Bd6 {[%clk
00:26:34]} {[%emt 00:01:56]} Bxd6 {[%clk 00:27:26]} {[%emt 00:01:38]} 25. Rxd6
{[%clk 00:26:43]} Kc7 {[%clk 00:27:28]} {[%emt 00:00:08]} 26. g6 {[%clk
00:23:52]} {[%emt 00:03:01]} Bd5 {[%clk 00:23:25]} {[%emt 00:04:13]} 27. gxf7
{[%clk 00:22:32]} {[%emt 00:01:29]} Rgf8 {[%clk 00:23:17]} {[%emt 00:00:18]} 28.
Rxd7+ {[%clk 00:22:36]} {[%emt 00:00:06]} Rxd7 {[%clk 00:23:20]} {[%emt
00:00:06]} 29. cxd5 {[%clk 00:22:42]} {[%emt 00:00:05]} exd5 {[%clk 00:23:10]}
{[%emt 00:00:20]} 30. Nf3 {[%clk 00:22:12]} {[%emt 00:00:40]} b5 {[%clk
00:21:33]} {[%emt 00:01:48]} 31. Ne5 {[%clk 00:21:43]} {[%emt 00:00:38]} Rd6
{[%clk 00:21:34]} {[%emt 00:00:09]} 32. Nc2 {[%clk 00:20:40]} {[%emt 00:01:13]}
b4 {[%clk 00:20:08]} {[%emt 00:01:36]} 33. Ke2 {[%clk 00:19:57]} {[%emt
00:00:53]} a5 {[%clk 00:19:14]} {[%emt 00:01:04]} 34. Rg1 {[%clk 00:19:09]}
{[%emt 00:00:58]} g6 {[%clk 00:18:55]} {[%emt 00:00:29]} 35. h4 {[%clk
00:16:13]} {[%emt 00:03:06]} Kb7 {[%clk 00:16:25]} {[%emt 00:02:40]} 36. Rd1
{[%clk 00:16:01]} {[%emt 00:00:21]} Ka6 {[%clk 00:16:03]} {[%emt 00:00:32]} 37.
Ne1 {[%clk 00:14:46]} {[%emt 00:01:25]} a4 {[%clk 00:14:52]} {[%emt 00:01:22]}
38. N1f3 {[%clk 00:14:24]} {[%emt 00:00:32]} axb3 {[%clk 00:14:35]} {[%emt
00:00:26]} 39. axb3 {[%clk 00:14:33]} Kb7 {[%clk 00:14:35]} {[%emt 00:00:10]}
40. Ng5 {[%clk 00:14:24]} {[%emt 00:00:19]} Kb6 {[%clk 00:13:19]} {[%emt
00:01:27]} 41. Nh7 {[%clk 00:14:24]} {[%emt 00:00:10]} 1-0

[Event "ABC-4 2025 Groep A"]
[Site "Utrecht"]
[Date "2025.03.15"]
[Round "4.10"]
[White "Van Diggele, Merijn"]
[Black "Zhang, Jinchen"]
[Result "1/2-1/2"]
[WhiteFideId "8707908"]
[BlackFideId "9011090"]
[WhiteElo "1673"]
[BlackElo "1747"]

1. Nf3 {[%clk 00:55:18]} {[%emt 00:00:02]} Nf6 {[%clk 00:55:16]} {[%emt
00:00:04]} 2. c4 {[%clk 00:55:23]} {[%emt 00:00:05]} c6 {[%clk 00:55:19]}
{[%emt 00:00:07]} 3. e3 {[%clk 00:55:27]} {[%emt 00:00:06]} d5 {[%clk
00:55:13]} {[%emt 00:00:15]} 4. Nc3 {[%clk 00:55:26]} {[%emt 00:00:12]} Bf5
{[%clk 00:54:56]} {[%emt 00:00:26]} 5. d4 {[%clk 00:55:20]} {[%emt 00:00:17]}
e6 {[%clk 00:54:57]} {[%emt 00:00:09]} 6. a3 {[%clk 00:55:10]} {[%emt
00:00:20]} Bd6 {[%clk 00:53:47]} {[%emt 00:01:19]} 7. Bd2 {[%clk 00:54:02]}
{[%emt 00:01:18]} Nbd7 {[%clk 00:53:36]} {[%emt 00:00:21]} 8. c5 {[%clk
00:53:07]} {[%emt 00:01:06]} Bc7 {[%clk 00:53:39]} {[%emt 00:00:06]} 9. b4
{[%clk 00:52:58]} {[%emt 00:00:19]} e5 {[%clk 00:53:04]} {[%emt 00:00:45]} 10.
h3 {[%clk 00:51:32]} {[%emt 00:01:36]} e4 {[%clk 00:52:13]} {[%emt 00:01:01]}
11. Nh2 {[%clk 00:49:18]} {[%emt 00:02:24]} O-O {[%clk 00:50:14]} {[%emt
00:02:08]} 12. Be2 {[%clk 00:48:40]} {[%emt 00:00:49]} Qb8 {[%clk 00:48:49]}
{[%emt 00:01:35]} 13. Ng4 {[%clk 00:47:49]} {[%emt 00:01:01]} Re8 {[%clk
00:42:42]} {[%emt 00:06:18]} 14. Nxf6+ {[%clk 00:46:58]} {[%emt 00:01:00]} Nxf6
{[%clk 00:42:47]} {[%emt 00:00:05]} 15. g4 {[%clk 00:46:58]} {[%emt 00:00:09]}
Be6 {[%clk 00:42:24]} {[%emt 00:00:34]} 16. g5 {[%clk 00:45:17]} {[%emt
00:01:51]} Nd7 {[%clk 00:42:05]} {[%emt 00:00:29]} 17. Bg4 {[%clk 00:44:52]}
{[%emt 00:00:35]} f5 {[%clk 00:40:16]} {[%emt 00:01:59]} 18. gxf6 {[%clk
00:43:02]} {[%emt 00:02:00]} Nxf6 {[%clk 00:39:38]} {[%emt 00:00:47]} 19. Qe2
{[%clk 00:40:46]} {[%emt 00:02:26]} Qc8 {[%clk 00:38:28]} {[%emt 00:01:21]} 20.
Bxe6+ {[%clk 00:39:20]} {[%emt 00:01:35]} Qxe6 {[%clk 00:38:25]} {[%emt
00:00:13]} 21. O-O-O {[%clk 00:39:25]} {[%emt 00:00:06]} b5 {[%clk 00:36:30]}
{[%emt 00:02:05]} 22. Rdg1 {[%clk 00:39:22]} {[%emt 00:00:13]} Kh8 {[%clk
00:36:22]} {[%emt 00:00:18]} 23. Kc2 {[%clk 00:34:51]} {[%emt 00:04:41]} a5
{[%clk 00:35:25]} {[%emt 00:01:08]} 24. Ra1 {[%clk 00:34:37]} {[%emt 00:00:24]}
Ra7 {[%clk 00:33:56]} {[%emt 00:01:39]} 25. Kb3 {[%clk 00:31:28]} {[%emt
00:03:18]} Rea8 {[%clk 00:33:04]} {[%emt 00:01:03]} 26. Ra2 {[%clk 00:30:53]}
{[%emt 00:00:45]} axb4 {[%clk 00:29:07]} {[%emt 00:04:06]} 27. axb4 {[%clk
00:30:31]} {[%emt 00:00:32]} Rxa2 {[%clk 00:28:58]} {[%emt 00:00:19]} 28. Nxa2
{[%clk 00:30:27]} {[%emt 00:00:15]} Qc8 {[%clk 00:27:50]} {[%emt 00:01:19]} 29.
Bc3 {[%clk 00:27:28]} {[%emt 00:03:08]} Qa6 {[%clk 00:26:48]} {[%emt 00:01:12]}
30. Ra1 {[%clk 00:24:50]} {[%emt 00:02:47]} Qc8 {[%clk 00:25:20]} {[%emt
00:01:38]} 31. Qf1 {[%clk 00:23:29]} {[%emt 00:01:32]} Ra7 {[%clk 00:24:06]}
{[%emt 00:01:24]} 32. Bb2 {[%clk 00:22:35]} {[%emt 00:01:03]} Qa8 {[%clk
00:23:30]} {[%emt 00:00:46]} 33. Nc3 {[%clk 00:21:30]} {[%emt 00:01:16]} Rxa1
{[%emt 00:00:30]} 34. Bxa1 {[%clk 00:21:30]} {[%emt 00:00:08]} Kg8 {[%clk
00:22:21]} {[%emt 00:01:00]} 35. Bb2 {[%clk 00:21:14]} {[%emt 00:00:26]} h6
{[%clk 00:21:22]} {[%emt 00:01:10]} 36. f3 {[%clk 00:19:58]} {[%emt 00:01:27]}
Qe8 {[%clk 00:20:42]} {[%emt 00:00:48]} 37. Qg2 {[%clk 00:18:32]} {[%emt
00:01:36]} exf3 {[%clk 00:18:49]} {[%emt 00:02:04]} 38. Qxf3 {[%clk 00:18:23]}
{[%emt 00:00:19]} Ne4 {[%clk 00:18:25]} {[%emt 00:00:35]} 39. Qf5 {[%clk
00:16:55]} {[%emt 00:01:36]} Nxc3 {[%clk 00:15:30]} {[%emt 00:03:05]} 40. Bxc3
{[%clk 00:16:57]} {[%emt 00:00:09]} Qf7 {[%clk 00:15:01]} {[%emt 00:00:40]} 41.
Qc8+ {[%clk 00:15:05]} {[%emt 00:02:01]} Kh7 {[%clk 00:15:05]} {[%emt
00:00:05]} 1/2-1/2

[Event "ABC-4 2025 Groep A"]
[Site "Utrecht"]
[Date "2025.03.16"]
[Round "5.1"]
[White "Blom, Rens"]
[Black "Van Arendonk, Polle"]
[Result "0-1"]
[WhiteFideId "8605586"]
[BlackFideId "8640720"]
[WhiteElo "1981"]
[BlackElo "1914"]

1. c4 {[%clk 00:55:17]} {[%emt 00:00:02]} c5 {[%clk 00:55:06]} {[%emt
00:00:15]} 2. Nf3 {[%clk 00:55:16]} {[%emt 00:00:10]} e6 {[%clk 00:55:00]}
{[%emt 00:00:17]} 3. d4 {[%clk 00:54:59]} {[%emt 00:00:27]} Nf6 {[%clk
00:54:28]} {[%emt 00:00:43]} 4. Nc3 {[%clk 00:53:29]} {[%emt 00:01:39]} cxd4
{[%clk 00:51:36]} {[%emt 00:03:03]} 5. Nxd4 {[%clk 00:53:33]} {[%emt 00:00:06]}
a6 {[%clk 00:51:23]} {[%emt 00:00:23]} 6. g3 {[%clk 00:49:37]} {[%emt
00:04:06]} Qc7 {[%clk 00:49:23]} {[%emt 00:02:10]} 7. Bg2 {[%clk 00:47:10]}
{[%emt 00:02:37]} Qxc4 {[%clk 00:42:11]} {[%emt 00:07:21]} 8. O-O {[%clk
00:47:00]} {[%emt 00:00:20]} d5 {[%clk 00:33:55]} {[%emt 00:08:26]} 9. e4
{[%clk 00:34:18]} {[%emt 00:12:53]} Nc6 {[%clk 00:33:21]} {[%emt 00:00:44]} 10.
Nxc6 {[%clk 00:28:09]} {[%emt 00:06:18]} bxc6 {[%clk 00:33:17]} {[%emt
00:00:15]} 11. Bg5 {[%clk 00:22:46]} {[%emt 00:05:33]} d4 {[%clk 00:25:46]}
{[%emt 00:07:41]} 12. Na4 {[%clk 00:21:36]} {[%emt 00:01:20]} Nd7 {[%clk
00:25:39]} {[%emt 00:00:17]} 13. Rc1 {[%clk 00:20:52]} {[%emt 00:00:54]} Qb5
{[%clk 00:25:20]} {[%emt 00:00:29]} 14. e5 {[%clk 00:17:17]} {[%emt 00:03:45]}
Bb7 {[%clk 00:22:02]} {[%emt 00:03:28]} 15. Qxd4 {[%clk 00:09:55]} {[%emt
00:07:32]} c5 {[%clk 00:21:11]} {[%emt 00:01:02]} 16. Qf4 {[%clk 00:08:24]}
{[%emt 00:01:41]} h6 {[%clk 00:14:46]} {[%emt 00:06:34]} 17. Nc3 {[%clk
00:05:52]} {[%emt 00:02:42]} Qb6 {[%clk 00:14:00]} {[%emt 00:00:56]} 18. Qd2
{[%clk 00:02:51]} {[%emt 00:03:11]} Bxg2 {[%clk 00:11:45]} {[%emt 00:02:24]} 19.
Kxg2 {[%clk 00:02:52]} {[%emt 00:00:10]} Qc6+ {[%clk 00:09:56]} {[%emt
00:01:59]} 20. Kg1 {[%clk 00:02:56]} {[%emt 00:00:06]} hxg5 {[%clk 00:08:48]}
{[%emt 00:01:19]} 21. Qxg5 {[%clk 00:03:03]} {[%emt 00:00:01]} g6 {[%clk
00:07:07]} {[%emt 00:01:51]} 22. Qf4 {[%clk 00:02:18]} {[%emt 00:00:56]} Bh6
{[%clk 00:06:42]} {[%emt 00:00:35]} 0-1